Catalog

Record Details

Catalog Search



Zoo v kufru  Cover Image Book Book

Zoo v kufru / Gerald Durrell ; přeložil Šimon Pellar ; ilustroval Adolf Born

Record details

  • Physical Description: 139, [2] s. : il.
  • Edition: 1. vyd.
  • Publisher: Praha : Panorama, 1979

Content descriptions

General Note:
Z anglického originálu

Available copies

  • 1 of 1 copy available at Common Catalog SPOK.

Holds

  • 0 current holds with 1 total copy.
Show All Copies
Location Call Number / Copy Notes Barcode Shelving Location Status Due Date
Hospic Dobrého Pastýře BE-D
Tematická katagorie: Beletrie (BE)
2045957010540 Knihovna Available -

LDR 01154nam a2200361 a 4500
00128789
003CZ-PrJAB
00520220729064938.0
008000607s1979 xr e cze
035 . ‡a(CZ PlERL)000212535
040 . ‡aPNA001 ‡bcze
0411 . ‡acze ‡heng
080 . ‡a821.111 ‡2MRF-sel
080 . ‡a82-32 ‡2MRF-sel
080 . ‡a591.5 ‡2MRF-sel
080 . ‡a(669) ‡2MRF-sel
080 . ‡a636.9 ‡2MRF-sel
1001 . ‡aDurrell, Gerald Malcolm, ‡d1925-1995 ‡7jn19981000804 ‡4aut
24010. ‡aZoo in my luggage
24510. ‡aZoo v kufru / ‡cGerald Durrell ; přeložil Šimon Pellar ; ilustroval Adolf Born
250 . ‡a1. vyd.
260 . ‡aPraha : ‡bPanorama, ‡c1979
300 . ‡a139, [2] s. : ‡bil.
4901 . ‡aCesty
500 . ‡aZ anglického originálu
6530 . ‡azvířata ‡adivoká zvířata ‡aodchyt ‡aKamerun ‡azoologické zahrady
7650 . ‡tZoo in My Luggage ‡9Česky
7001 . ‡aBorn, Adolf, ‡d1930-2016 ‡7jk01012660 ‡4ill
7001 . ‡aPellar, Šimon, ‡d1948- ‡7jk01092503 ‡4trl
830 0. ‡aCesty
910 . ‡aBNE702
901 . ‡a28789 ‡b ‡c28789 ‡tbiblio

Additional Resources